Lift-the-flap Questions and Answers about Science (Record no. 615)
[ view plain ]
| 000 -CABECERA | |
|---|---|
| campo de control de longitud fija | 01147nam a22002894i 4500 |
| 003 - IDENTIFICADOR DE NUMERO DE CONTROL | |
| campo de control | AR-BaSMT |
| 008 - CAMPOS DE LONGITUD FIJA | |
| campo de control de longitud fija | 250807t2016 uka|||br|||| 001 0 eng d |
| 020 ## - ISBN: Indicadores indefinidos | |
| Número ISBN | 9781409598985 |
| 040 ## - FUENTE DE CATALOGACION | |
| Agencia de catalogación original | BSGB |
| Idioma de catalogación | español |
| Convenciones de la descripción | rda |
| 041 1# - CODIGO DE IDIOMA | |
| Código idioma | eng |
| Idioma original | inglés |
| 080 ## - CDU | |
| CDU completo | 001=111 |
| 100 1# - PUNTO DE ACCESO PRINCIPAL | |
| Nombre de persona | Daynes, Katie |
| Enlace autoridades | 452 |
| 245 10 - MENCION DE TITULO | |
| Título | Lift-the-flap Questions and Answers about Science |
| 250 ## - MENCION DE EDICION | |
| Mención de edición | primera edición |
| 264 ## - PRODUCCIÓN, PUBLICACIÓN, DISTRIBUCIÓN, ETC. | |
| Lugar de publicación, etc. | Londres : |
| Nombre editor. | Usborne, |
| Fecha | 2017. |
| 300 ## - DESCRIPCION FISICA | |
| Extensión | 12 páginas. |
| Otros detalles físicos | Ilustraciones a color, solapas desplegables. |
| 336 ## - TIPO DE CONTENIDO | |
| texto | Texto |
| 337 ## - TIPO DE MEDIO | |
| sin mediación | Sin Mediación |
| 338 ## - TIPO DE SOPORTE | |
| volumen | Volúmen |
| 490 ## - TÍTULO DE LA SERIE | |
| Título de la serie | Lift-the-Flap Questions & Answers |
| 520 ## - NOTA DE SUMARIO, RESUMEN, ETC. | |
| Toda la nota | An interactive book with over 60 flaps revealing answers to all kinds of questions about science. Children can lift the flaps to discover fascinating facts, such as how bodies grow, why astronauts float and where lightning comes from. Includes links to carefully selected websites with even more answers to simple science questions. |
| 521 ## - NOTA DE PÚBLICO DESTINATARIO | |
| Nota de audiencia | Primaria |
| 650 #4 - PUNTO DE ACCESO ADICIONAL DE MATERIA – TÉRMINO TEMÁTICO | |
| Enlace autoridades | 62 |
| Término de materia o nombre geográfico como elemento de entrada | CIENCIA |
| Subdivisión general | Inglés |
| 700 1# - PUNTO DE ACCESO ADICIONAL – NOMBRE DE PERSONA | |
| Apellido, Nombre | Tremblay, Marie-Ève |
| Término relacionador: | Ilustración |
| Enlace autoridades | 453 |
| 942 ## - ELEMENTOS AGREGADOS (KOHA) | |
| CDU | Clasificación Decimal Dewey |
| Tipo de ítem | Libros |
| Disponible | Perdido | Fuente de clasificación | Estado | Ubicación permanente | Locación actual | Estante o sala | Fuente de adquisición | Número de inventario | Total préstamos | Signatura topográfica | Código de barras | Numero de ejemplar | Tipo de item de Koha | Calificador de localización códificado |
|---|---|---|---|---|---|---|---|---|---|---|---|---|---|---|
| Clasificación Decimal Dewey | Biblioteca Susana G. De Batemarco | Biblioteca Susana G. De Batemarco | Ingles Primaria | Canje KEL 2026 | 000853 | 001=111 DAY | 000853 | 1 | Libros |
